000 01677nam a2200349 c 4500
003 BLK
005 20250604153246.0
008 180411b bul|||||r ||||||| ||bul||
010 _aKNG00195142000
040 _aBLK
041 _aBUL
_cBUL
080 _aХимия. Кристалография. Минералогия. Вж и 577.1; 66; 612.015; 631.41
_b54
_x(092)
_z54(092)
080 _aБиографии
_b929
_x(100)
_z929(100)
100 _aМанолов, Калоян Русев
_d1930 -
_gХимик.
_9271918
139 _aМанолов, Калоян Русев
_bМ 27
245 1 0 _aВелики химици
_bРазкази в 4 т. -
_cКалоян Русев Манолов.
_nТ. 2
257 _aBGR
260 София
_bНар. просв.
_c1981 -
300 _c18 см
380 _a5
500 _aАвт. не е отбелязан на кор. - Рез. на рус., нем., англ. ез.
653 _aхимици
653 _aбиографии
653 _aсвят
760 1 _aМанолов, Калоян Русев
_d1982
_h332 с. : с ил., портр.
_nАвт. не е даден на кор. - Съдържа биогр. очерци за Й. Я. Берцелиус, М. Е. Шеврьол, А. Мичерлих, Ф. Вьолер, Ю. фон Либих, Т. Грейъм, А.-Е. Девил, А. В. фон Хофман, Ст. М. Каницаро, М. Ж. Бертло.
_tТ. 2
852 _aЦб І 19381
856 4 _qpdf
_u
856 4 _qpdf
_u
942 _cKNG
_n0
944 _aCR
_c03.11.2016
_k30560
_lГеновева Генчева
944 _aED
_c04.11.2016
_kНаталия_Любомирова
999 _c186148
_d186148